| 000 | 00989nam a2200289 a 4500 | ||
|---|---|---|---|
| 001 | 000015060 | ||
| 005 | 20200929163937.0 | ||
| 008 | 100129s1958 ag 000 0 spa d | ||
| 040 |
_aDO-SdBNP _bspa _cBNPHU |
||
| 041 | 1 | 7 |
_aspa _hger _2Código de idioma MARC |
| 082 |
_a832.9 _bH374t |
||
| 100 | 1 |
_aHauptmann, Gerhart, _d1862-1946 _934092 |
|
| 240 | 1 | 0 |
_aFuhrman henschel = Rose bernd = Die finsternisse. _lEspañol |
| 245 | 1 | 0 |
_aTeatro / _cGerhart Hauptmann ; traducción de Jorge C. Lehmann. |
| 246 | 1 | 1 | _iHenschel, el carretero |
| 246 | 1 | 1 | _aRosa bernd |
| 246 | 1 | 1 | _aLas tinieblas |
| 260 |
_aBuenos Aires : _bLosada, _c1958. |
||
| 300 |
_a193, [5] p. ; _c20 cm. |
||
| 490 | 1 | _aGran teatro del mundo | |
| 534 |
_pTítulo original en alemán: _tFuhrman henschel = Rose bernd = Die finsternisse |
||
| 650 | 4 |
_aTeatro alemán _912996 |
|
| 650 | 4 |
_aLiteratura alemana _93274 |
|
| 700 | 1 |
_aLehmann, Jorge C., _etr. _934093 |
|
| 830 | 0 |
_aGran teatro del mundo _929735 |
|
| 049 | _aBNGR | ||
| 999 |
_c14632 _d14632 |
||